000 00864cam a2200265 a 4500
001 4887022
003 SEKU
005 20160127164216.0
008 930114s1993 nyu 000 1 eng
010 _a 93009272
020 _a0553094416 :
_c$23.95 ($28.95 Can.)
040 _aDLC
_cDLC
_dDLC
_dOCoLC
_dDLC
043 _an-us---
050 0 0 _aPS3562
_b.U26 1993
082 0 0 _a813/.54
_220
100 1 _aLudlum, Robert,
_d1927-2001.
245 1 4 _aThe Scorpio illusion /
_cRobert Ludlum.
260 _aNew York :
_bBantam Books,
_c1993.
300 _a534 p. ;
_c25 cm.
650 0 _aWomen terrorists
_vFiction.
655 7 _aSpy stories.
_2gsafd
906 _a7
_bcbc
_corignew
_d1
_eocip
_f19
_gy-gencatlg
942 _2lcc
_cGEN
999 _c10098
_d10098